| 000 | 00630nam a22001937a 4500 | ||
|---|---|---|---|
| 005 | 20230906113650.0 | ||
| 010 | _aUR-12207 | ||
| 020 | _c250.00 | ||
| 035 | _aU-10762 | ||
| 037 |
_bDBAD/PUB _a- |
||
| 082 | _a340 | ||
| 100 |
_aعطا حسین انصاری _956004 |
||
| 245 |
_aکاونسل دستاویز / _cعطا حسین انصاری _hا ر د و |
||
| 246 |
_aCouncil Dastavez / _bAta Hussain Ansari |
||
| 260 |
_aپٹنہ _bبہار قانون ساز کاونسل _c2021 ء |
||
| 300 |
_a400 ص _c24cm(pbk) |
||
| 700 |
_aمرتب۔ دردانہ قبسی _956000 |
||
| 942 |
_2ddc _cUR _h340 _mع ط ا |
||
| 999 |
_c197881 _d197881 |
||